Desserts from 'R' - Statistics

General Stats
  • This quiz has been taken 24 times
  • The average score is 2 of 16
Answer Stats
Picture Answer % Correct
Red Velvet Cake
86%
Rice Pudding
76%
Raspberry Ripple
24%
Rab Cake
5%
Rainbow Cookie
5%
Rasmalai
5%
Revani
5%
Rigo Jancsi
5%
Rommegrot
5%
Rosca de Reyes
5%
Rosette
5%
Rozata
5%
Ruske Kape
5%
Rabanadas
0%
Rogel
0%
Roxakia
0%
No matching quizzes found
Score Distribution
Percent of People with Each Score
Percentile by Number Answered
Your Score History
You have not taken this quiz